Nazwij miejsca w Warszawie - Statystyki

Ogólne statystyki
  • Ten quiz został rozwiązany 17 razy
  • Średni wynik to 24 z 37
Statystyki odpowiedzi
Obrazkowy Odpowiedź % Poprawnych
Bulwary nad {Wisłą}
100%
Centrum Nauki {Kopernik}
100%
Grób {Nieznanego Żołnierza}
100%
Kolumna {Zygmunta}
100%
Lotnisko im. {Chopina}
100%
Muzeum {Powstania Warszawskiego}
100%
Pałac {Prezydencki}
100%
Muzeum {Sztuki Nowoczesnej}
94%
Pałac {Kultury i Nauki}
94%
Pomnik {Syrenki}
88%
Autostrada {A2}
81%
Ogród {Saski}
81%
Pałac na {Wilanowie}
75%
Stadion {Legii}
75%
Stadion {Narodowy}
75%
{Łazienki} Królewskie
69%
Plac {Trzech Krzyży}
69%
Warszawa {Zachodnia}
69%
{Barbakan} Warszawski
63%
Hotel {Presidential/Marriott}
63%
{Metro} Warszawskie
63%
Most {Świętokrzyski}
63%
{POLIN} Muzeum Historii Polskich Żydów
63%
{Sejm} RP
63%
{Zamek}
63%
Pomnik {Małego Powstańca}
56%
{Rynek}
44%
Tor {Służewiec}
44%
{Złote Tarasy}
44%
Pałac {Belwederski}
38%
{Varso} Tower
38%
Arkady {Kubickiego}
31%
{Marywilska} 44
31%
Muzeum {Wojska Polskiego}
25%
{Sąd Najwyższy}
25%
Rynek {Mariensztacki}
13%
Pałac {Lubomirskich}
6%
Nie znaleziono quizów pasujących do podanych kryteriów
Rozkład punktacji
Procent ludzi z każdym wynikiem
Percentyl według liczby udzielonych odpowiedzi
Twoja historia wyników
Nie rozwiązałeś tego quizu